000 00536nam a22001937a 4500
003 OSt
005 20190617133307.0
008 130227t xxu||||| |||| 00| 0 eng d
020 _a9789715845908
050 _aKPM 1270
_b.D631 2007
082 _aFIL 331 .D611 2007
_b.D631 2007
245 _aAn Introduction to labor laws and social legislation
_cDisini, D. P., Jr.
260 _aManila
_bC & E Publishing
_c2007
300 _avii, 64 p.
_c22 cm.
526 _c1210L-1700L
562 _e3
942 _2lcc
_cBK
_kFIL
999 _c18629
_d18629